The clash of modernities : (Record no. 14990)

000 -LEADER
fixed length control field 01764cam a22003494a 4500
001 - CONTROL NUMBER
control field 16202815
005 - DATE AND TIME OF LATEST TRANSACTION
control field 20170105102908.0
008 - FIXED-LENGTH DATA ELEMENTS--GENERAL INFORMATION
fixed length control field 100426s2011 couab b 001 0 eng
010 ## - LIBRARY OF CONGRESS CONTROL NUMBER
LC control number 2010016331
020 ## - INTERNATIONAL STANDARD BOOK NUMBER
International Standard Book Number 9781594516979 (hardcover : alk. paper)
040 ## - CATALOGING SOURCE
Original cataloging agency DLC
Transcribing agency DLC
Modifying agency DLC
043 ## - GEOGRAPHIC AREA CODE
Geographic area code aw-----
050 00 - LIBRARY OF CONGRESS CALL NUMBER
Classification number DS63.5
Item number .S26 2011
082 00 - DEWEY DECIMAL CLASSIFICATION NUMBER
Classification number 320.540956
Edition number 22
100 1# - MAIN ENTRY--PERSONAL NAME
Personal name Samman, Khaldoun.
245 14 - TITLE STATEMENT
Title The clash of modernities :
Remainder of title the Islamist challenge to Arab, Jewish, and Turkish nationalism /
Statement of responsibility, etc. Khaldoun Samman.
260 ## - PUBLICATION, DISTRIBUTION, ETC.
Place of publication, distribution, etc. Boulder :
Name of publisher, distributor, etc. Paradigm Publishers,
Date of publication, distribution, etc. c2011.
300 ## - PHYSICAL DESCRIPTION
Extent x, 261 p. :
Other physical details ill., map ;
Dimensions 24 cm.
504 ## - BIBLIOGRAPHY, ETC. NOTE
Bibliography, etc. note Includes bibliographical references (p. 221-252) and index.
505 0# - FORMATTED CONTENTS NOTE
Formatted contents note Introduction : a personal example of a temporal script -- The colonizer's time machine and the discourse of "becoming modern" -- The anti-Semitic gaze and the occidentalization of the Jew in Zionist and Israeli nationalism -- The Kemalist acquiescence to the colonizer's time machine -- Arab time-travelers and cultural schizophrenia -- The Islamist time machine -- Women as the sign of the times -- Conclusion : thinking outside the time-space box of colonial modernity.
650 #0 - SUBJECT ADDED ENTRY--TOPICAL TERM
Topical term or geographic name entry element Nationalism
Geographic subdivision Middle East
General subdivision Philosophy.
650 #0 - SUBJECT ADDED ENTRY--TOPICAL TERM
Topical term or geographic name entry element Civilization, Modern
General subdivision Philosophy.
650 #0 - SUBJECT ADDED ENTRY--TOPICAL TERM
Topical term or geographic name entry element Nationalism
Geographic subdivision Islamic countries.
650 #0 - SUBJECT ADDED ENTRY--TOPICAL TERM
Topical term or geographic name entry element Nationalism
Geographic subdivision Israel.
650 #0 - SUBJECT ADDED ENTRY--TOPICAL TERM
Topical term or geographic name entry element Nationalism
Geographic subdivision Turkey.
650 #0 - SUBJECT ADDED ENTRY--TOPICAL TERM
Topical term or geographic name entry element Nationalism
Geographic subdivision Arab countries.
651 #0 - SUBJECT ADDED ENTRY--GEOGRAPHIC NAME
Geographic name Middle East
General subdivision Civilization
-- Philosophy.
651 #0 - SUBJECT ADDED ENTRY--GEOGRAPHIC NAME
Geographic name Middle East
General subdivision Civilization
-- Western influences.
906 ## - LOCAL DATA ELEMENT F, LDF (RLIN)
a 7
b cbc
c orignew
d 1
e ecip
f 20
g y-gencatlg
942 ## - ADDED ENTRY ELEMENTS (KOHA)
Source of classification or shelving scheme
Koha item type Book
Holdings
Withdrawn status Lost status Damaged status Not for loan Collection code Permanent Location Current Location Shelving location Date acquired Total Checkouts Full call number Barcode Date last seen Price effective from Koha item type
          Centre for International Peace & Stability (CIPS) Centre for International Peace & Stability (CIPS) General Stacks 10/01/2013   320.540956 SAM 2011 CIPS0001531 10/25/2013 10/25/2013 Book
© 2023 Central Library, National University of Sciences and Technology. All Rights Reserved.